| 000 | 00476nam a22001817a 4500 | ||
|---|---|---|---|
| 003 | LK-CoDNM | ||
| 005 | 20241219140553.0 | ||
| 008 | 241219b |||||||| |||| 00| 0 eng d | ||
| 040 |
_aLK-CoDNM _dLK-CoDNM _eLK-CoDNM |
||
| 041 | _aeng | ||
| 080 |
_a2 _bI4 |
||
| 245 | _aTHE CONCHOLOGICAL MISCELLANY SYLVABU'S HANLEY | ||
| 260 |
_bLONDON _c1854-1858 |
||
| 300 | _a40 ill ; 29 CM | ||
| 650 | _aTHE CONCHOLOGICAL MISCELLANY SYLVABU'S HANLEY | ||
| 650 | _a2 I4 | ||
| 942 | _cBK | ||
| 999 |
_c233690 _d233690 |
||